000 00706nam a2200241Ia 4500
003 OSt
005 20220918110037.0
006 a|||||r|||| 00| 0
007 ta
008 220915b |||||||| |||| 00| 0 eng d
024 _a34148
037 _cReference Collections
040 _aARTS
_cARTS
_beng
041 _2eng
_aeng
082 _aO111,1L57k, K5 (RR)
100 _aDamon S Foster
_95514
245 0 _aBlake dictionary
_b the ideas and symbols of William Blake
260 _aLondon
_bThames and Hudson
_c1965
300 _axi,532p.
650 _aENGLISH LITERATURE
942 _hO111,1L57k, K5 (RR)
_cREF
999 _c110870
_d110870